Normas para la clasificación de la mano de obra en la ejecución de proyectos

में बचाया:
ग्रंथसूची विवरण
मुख्य लेखक: Soler Aira, José
स्वरूप: अज्ञात
प्रकाशित: [San José, Costa Rica] 1979
विषय:
टैग: टैग जोड़ें
कोई टैग नहीं, इस रिकॉर्ड को टैग करने वाले पहले व्यक्ति बनें!

MARC

LEADER 00000 a2200000 4500
003 001038
005 20221231143738.0
008 140114s1979 cr a m 000 ||s d
040 |c cru CEDI 
090 |a TFG 885 
100 |a Soler Aira, José  |9 16137 
245 |a Normas para la clasificación de la mano de obra en la ejecución de proyectos 
260 |c 1979  |a [San José, Costa Rica] 
300 |a  [36] hojas 
500 |a  Tesis (ingeniero civil) --Universidad de Costa Rica.  
650 |x MANO DE OBRA - COSTA RICA   |x TRABAJO CALIFICADO - COSTA RICA  |9 16138 
942 |c TFG 
999 |c 11166  |d 11166